000 00968nam a2200229Ia 4500
999 _c41328
_d41328
001 7986
003 GE_BSU
005 20221004143719.0
008 181216s2010ge xx |||||||||||||| ||geo||
020 _a9789941030918
040 _cGE_BSU
041 _ageo
080 _a821.353.1.09 დ-28
100 _aდევდარიანი, როზა
_915020
245 _aწერილები /
_cროზა დევდარიანი, რედ. ელგუჯა თავბერიძე
264 _aქუთაისი :
_bსაგამომცემლო ცენტრი,
_c2010.
300 _a 302 გვ:
_c20 სმ.
653 _aწერილები
653 _aნარკვევები უახლესი ქართული ლიტერატურის ისტორიიდან
700 _aთავბერიძე, ელგუჯა
_eრედაქტორი
_915022
942 _cBK
_2udc